Les marques de voiture les plus connues - Statistiques

Statistiques générales
  • Ce quiz a été pris 248 fois
  • Le résultat moyen est 21 sur 53
Statistiques - réponses
Hint Réponse % Correct
France Renault
92%
France Peugeot
90%
Italie Ferrari
84%
Allemagne Audi
83%
France Citroën
83%
Allemagne Mercedes
81%
Allemagne BMW
80%
États-Unis Ford
76%
Italie Lamborghini
76%
Japon Toyota
69%
Italie Fiat
67%
Allemagne Volkswagen
65%
Allemagne Porsche
63%
Japon Honda
52%
États-Unis Tesla
50%
Espagne Seat
48%
France Bugatti
47%
Etats-Unis Chevrolet
46%
Corée du nord Hyundai
45%
France Dacia
44%
Japon Nissan
44%
Royaume-Uni Aston Martin
43%
Allemagne Opel
43%
Corée de sud Kia
41%
Royaume-Uni Mini
40%
République Tchèque Skoda
40%
Japon Suzuki
40%
Suède Volvo
40%
Italie Alpha Roméo
32%
Royaume-Uni Rolls Royce
32%
France Alpine
31%
États-Unis Jeep
31%
Royaume uni McLaren
29%
Royaume-Uni Bentley
28%
États-Unis Dodge
28%
Royaume-Uni Range Rover
26%
Japon Mazda
23%
Italie Maserati
22%
Japon Lexus
20%
Espagne Cupra
17%
Chine BYD
15%
Russie Lada
14%
Royaume-Uni MG
14%
Suisse Smart
14%
États-Unis Chrysler
12%
Royaume-Uni Lotus
12%
États-Unis Hummer
8%
Japon Mitsubichi
8%
États-Unis Pontiac
7%
États-Unis Buick
5%
France Aixam
2%
États-Unis Delorean
2%
Royaume-Uni Triumph
2%
Aucun quiz correspondant
Distribution des résultats
% des personnes avec chaque résultat
Percentile par nombre de réponses
Votre historique - résultats
Vous n’avez pas pris ce quiz